Welcome to the Holygrace Academy Library

Please use search bar below to get started

DON'T POLISH YOUR IGNORANCE (Record no. 5508)

MARC details
000 -LEADER
fixed length control field 00264nam a22001217a 4500
082 ## - DEWEY DECIMAL CLASSIFICATION NUMBER
Classification number 158
Item number SAD/D
100 ## - MAIN ENTRY--AUTHOR NAME
Personal name SADHGURU
245 ## - TITLE STATEMENT
Title DON'T POLISH YOUR IGNORANCE
260 ## - PUBLICATION, DISTRIBUTION, ETC. (IMPRINT)
Place of publication INDIA
Name of publisher JAICO
300 ## - PHYSICAL DESCRIPTION
Number of Pages 250
650 ## - SUBJECT ADDED ENTRY--TOPICAL TERM
Topical Term PERSONALITY DEVELOPMENT
Geographic subdivision INDIA
942 ## - ADDED ENTRY ELEMENTS (KOHA)
Koha item type Books
Holdings
Withdrawn status Lost status Collection code Home library Current library Shelving location Date acquired Source of acquisition Full call number Accession Number Koha item type
    Reference Main Library Main Library SHELF-17H-PERSONALITY DEVELOPMENT BOOKS 09/10/2012 PURCHASE 158 SAD/D 07012 Books